日文假名对应五十音 - Statistics

General Stats
  • This quiz has been taken 59 times
    52 since last reset
  • The average score is 45 of 46
Answer Stats
平/片假名 读音 % Correct
あア a
100%
えエ e
100%
いイ i
100%
かカ ka
100%
こコ ko
100%
くク ku
100%
まマ ma
100%
みミ mi
100%
もモ mo
100%
むム mu
100%
のノ no
100%
おオ o
100%
りリ ri
100%
せセ se
100%
しシ shi
100%
たタ ta
100%
つツ tsu
100%
やヤ ya
100%
ふフ fu
98%
んン n
98%
ねネ ne
98%
にニ ni
98%
ぬヌ nu
98%
るル ru
98%
すス su
98%
とト to
98%
うウ u
98%
よヨ yo
98%
はハ ha
95%
けケ ke
95%
きキ ki
95%
らラ ra
95%
ろロ ro
95%
さサ sa
95%
ゆユ yu
95%
ちチ chi
93%
ひヒ hi
93%
めメ me
93%
なナ na
93%
そソ so
93%
てテ te
93%
わワ wa
93%
へヘ he
91%
れレ re
91%
をヲ wo
91%
ほホ ho
89%
No matching quizzes found
Score Distribution
Percent of People with Each Score
Percentile by Number Answered
Your Score History
You have not taken this quiz since the last reset